000
00319nam a2200121Ia 4500
008
190722s9999 xx 000 0 und d
020
_a
978-969-407-425-2
100
_a
Dr. Asrar H. Siddiqi
245
0
_a
Practice & Law Of Banking In Pakistan
260
_a
Karachi
_b
Royal Book Company
_c
2015
300
_a
570
942
_c
BK
999
_c
412
_d
412